Science Quiz

Random Science or Math Quiz

Squared or Cubed Quiz Stats

 Plays Quiz Updated Aug 28, 2017

     
Support Sporcle.
Go Orange.
Score 0/20 Timer 03:00
2 Plays Today
Number (S)quared, (C)ubed, or (B)oth % Correct
1???
90.5%
36???
83%
100???
81.5%
8???
79.4%
144???
76.2%
64???
63.6%
125???
60.1%
225???
55.3%
343???
50.7%
900???
47.4%
Number (S)quared, (C)ubed, or (B)oth % Correct
216???
46.7%
529???
45.4%
361???
44.7%
1369???
43.6%
512???
41%
441???
40.5%
1000???
39%
1600???
37.2%
1331???
32.9%
729???
26.5%

From the Vault

57 'R' Movies

by DarkPhalanx

Movies 14m
Are you ready for a little movie snark? 'Cause this quiz is bringin' it!
Remove Ads.
Support Sporcle.
Get the best of Sporcle when you Go Orange. This ad-free experience offers more features, more stats, and more fun while also helping to support Sporcle. Thank you for becoming a member.

Show Comments

Extras

Top Quizzes Today


Score Distribution

Your Account Isn't Verified!

In order to create a playlist on Sporcle, you need to verify the email address you used during registration. Go to your Sporcle Settings to finish the process.

Report this User

Report this user for behavior that violates our Community Guidelines.

Details: